Normal view
MARC view
Entry Personal Name
001 - CONTROL NUMBER
- control field: 33061
003 - CONTROL NUMBER IDENTIFIER
- control field: ARRUPE
005 - DATE AND TIME OF LATEST TRANSACTION
- control field: 20170713114246.0
008 - FIXED-LENGTH DATA ELEMENTS
- fixed length control field: 170713|| aca||aabn | a|a d
040 ## - CATALOGING SOURCE
- Original cataloging agency: ARRUPE
- Transcribing agency: ARRUPE
100 ## - HEADING--PERSONAL NAME
- Personal name: Kenny, Anthony,
- Dates associated with a name: 1931-
670 ## - SOURCE DATA FOUND
- Source citation: Work cat.: (ARRUPE)22988: Rationalism, empiricism, and idealism :, 1986.